Central Library OPAC University of Rajshahi

কাঁদো নদী কাঁদো / (Record no. 38710)

MARC details
000 -LEADER
fixed length control field 00928nam a2200265 a 4500
001 - CONTROL NUMBER
control field 38710
003 - CONTROL NUMBER IDENTIFIER
rucl marc code BD-RjUL
005 - DATE AND TIME OF LATEST TRANSACTION
control field 20211209052839.0
008 - FIXED-LENGTH DATA ELEMENTS--GENERAL INFORMATION
fixed length control field 160402s1972 bg 000 1 beno
020 ## - INTERNATIONAL STANDARD BOOK NUMBER
Terms of availability : Tk. 8.00
035 ## - SYSTEM CONTROL NUMBER
System control number (BD-RjUL)38819
System control number (OCoLC)20154466
040 ## - CATALOGING SOURCE
Original cataloging agency DLC
Transcribing agency WaU
Modifying agency DLC
-- BD-RjUL
Language of cataloging ben
041 ## - LANGUAGE CODE
Language code of text/sound track or separate title ben
082 ## - DEWEY DECIMAL CLASSIFICATION NUMBER
Edition number 23
Classification number 891.443
Author mark and year WAK 1972
100 1# - MAIN ENTRY--PERSONAL NAME
Personal name ওয়ালীউল্লাহ, সৈয়দ
Dates associated with a name ১৯২২-১৯৭১
9 (RLIN) 120428
245 10 - TITLE STATEMENT
Title কাঁদো নদী কাঁদো /
Statement of responsibility, etc. সৈয়দ ওয়ালীউল্লাহ
250 ## - EDITION STATEMENT
Edition statement ২য় সং.
260 ## - PUBLICATION, DISTRIBUTION, ETC. (IMPRINT)
Place of publication, distribution, etc. ঢাকা :
Name of publisher, distributor, etc. আবদুল কাদির খান,
Date of publication, distribution, etc. ১৯৭২.
300 ## - PHYSICAL DESCRIPTION
Pagination ২৬১ পৃ. ;
Size ২২ সেমি.
650 ## - SUBJECT ADDED ENTRY--TOPICAL TERM
Topical term or geographic name as entry element বাংলা উপন্যাস
9 (RLIN) 120429
Topical term or geographic name as entry element Bengali Fiction
9 (RLIN) 120430
942 ## - ADDED ENTRY ELEMENTS (KOHA)
Source of classification or shelving scheme Dewey Decimal Classification
Koha item type Books
Holdings
Lost status Source of classification or shelving scheme Damaged status Not for loan Collection code Permanent Location Current Location Shelving location Date acquired Source of acquisition Cost, normal purchase price Total Checkouts Full call number Date last seen Date checked out Copy number Koha item type
  Dewey Decimal Classification     Fiction Central Library, University of Rajshahi Central Library, University of Rajshahi   06/09/1973 Nowroze Kitabistan 8.00 3 B 891.443 WAK 1972 20/10/2024 06/10/2024 C-2 Books
  Dewey Decimal Classification     Fiction Central Library, University of Rajshahi Central Library, University of Rajshahi   06/09/1973 Nowroze kitabistan, Dacca 8.00 12 B 891.443 WAK 1972 02/11/2025 19/10/2025 C-3 Books
  Dewey Decimal Classification     Fiction Central Library, University of Rajshahi Central Library, University of Rajshahi   06/09/1973 Nowroze kitabistan, Dacca 8.00 6 B 891.443 WAK 1972 09/12/2025 25/11/2025 C-4 Books